000 00328 a2200145 4500
001 151822
040 _cEscola São Tomás de Aquino
100 _aCERVANTES, Miguel de
240 1 0 _aDom Quixote
_lpor
245 1 0 _aDom Quixote
362 0 _a1999
440 1 _aScipione
697 _a*LITERATURA INFANTO JUVENIL
942 _cBK
999 _c151822
_d151822